I 4 Comuni italiani più popolosi per lettera contenuta - Statistics

Statistiche generali
  • Questo quiz è stato fatto 30 volte
  • Il punteggio medio è 29 su 54
Statistiche sulle risposte
Risposta % Corretto
Milano
100%
Rho
100%
Torino
100%
Bari
96%
Napoli
96%
Roma
96%
Bologna
92%
Firenze
92%
Genova
92%
Palermo
92%
Verona
92%
Brescia
88%
Venezia
88%
Cagliari
83%
Catania
79%
Parma
75%
Reggio Emilia
75%
Trieste
75%
Vicenza
75%
Messina
71%
Padova
71%
Reggio Calabria
71%
Salerno
71%
Udine
71%
Modena
67%
Chieti
58%
Ferrara
58%
Perugia
58%
Perugia
58%
Monza
54%
Foggia
50%
L'Aquila
50%
Prato
50%
Forlì
46%
Jesi
46%
Siracusa
46%
Quartu Sant'Elena
42%
Andria
38%
Jesolo
38%
Giugliano in Campania
25%
Civitavecchia
13%
Ayas
4%
Bagheria
4%
Courmayeur
4%
Giardini-Naxos
4%
Ouix
4%
Pray
4%
Qualiano
4%
Quarrata
4%
Riese Pio X
4%
Sotto il monte Giovanni XXIII
4%
Aymavilles
0%
Bojano
0%
San Giuseppe Jato
0%
Nessun quiz corrispondente trovato
Distribuzione punteggi
Percentuale di utenti per punteggio
Percentile per numero di risposta
I tuoi punteggi nel tempo
Non hai fatto questo quiz